[Event "Budapest Statisztika IM"]
[Site "Budapest"]
[Date "1992.??.??"]
[Round "9"]
[White "Almasi, Istvan"]
[Black "Szell, Lajos"]
[Result "1/2-1/2"]
[WhiteElo "2350"]
[BlackElo "2315"]
[EventDate "1992.??.??"]
[PlyCount "47"]

1.e4 e5 2.Nf3 Nc6 3.Bc4 Nf6 4.d3 Be7 5.Bb3 d6 6.c3 O-O 7.h3 h6 8.O-O Nh7 
9.d4 Bf6 10.Be3 Ne7 11.Nbd2 Ng6 12.Re1 Ng5 13.Nf1 Nxe4 14.Bxh6 gxh6 15.
Rxe4 d5 16.Re1 e4 17.N3h2 Bg7 18.Ne3 Be6 19.g3 c6 20.h4 f5 21.h5 f4 22.
hxg6 fxe3 23.Rxe3 Qf6 24.Qf1 1/2-1/2

[Event "Budapest Statisztika IM"]
[Site "Budapest"]
[Date "1992.??.??"]
[Round "9"]
[White "Foldi, Istvan"]
[Black "Kiss, Pal"]
[Result "1/2-1/2"]
[WhiteElo "2325"]
[BlackElo "2410"]
[EventDate "1992.??.??"]
[PlyCount "36"]

1.e4 c5 2.Nf3 Nc6 3.d4 cxd4 4.Nxd4 g6 5.c4 Nf6 6.Nc3 Nxd4 7.Qxd4 d6 8.Be3 
Bg7 9.f3 O-O 10.Qd2 Be6 11.Rc1 Qa5 12.Be2 Rfc8 13.b3 a6 14.O-O b5 15.Nd5 
Qxd2 16.Bxd2 Nxd5 17.cxd5 Bd4+ 18.Kh1 Bd7 1/2-1/2

[Event "Budapest Statisztika IM"]
[Site "Budapest"]
[Date "1992.??.??"]
[Round "9"]
[White "Hansen, Lars Bo"]
[Black "Higatsberger, Michael"]
[Result "0-1"]
[WhiteElo "2510"]
[BlackElo "2205"]
[EventDate "1992.??.??"]
[PlyCount "44"]

1.Nf3 Nf6 2.g3 g6 3.Bg2 Bg7 4.O-O O-O 5.d3 c5 6.e4 Nc6 7.Nc3 d6 8.h3 Rb8 
9.a4 a6 10.Be3 Ne8 11.Qc1 Nd4 12.Bxd4 cxd4 13.Ne2 e5 14.c4 a5 15.Nd2 Bd7 
16.b3 Nc7 17.Qa3 Na6 18.Nc1 Nb4 19.Qb2 Bh6 20.Rd1 f5 21.Nf1 f4 22.g4 f3 
0-1

[Event "Budapest Statisztika IM"]
[Site "Budapest"]
[Date "1992.??.??"]
[Round "9"]
[White "Petran, Pal"]
[Black "Koerholz, Ludger"]
[Result "1/2-1/2"]
[WhiteElo "2470"]
[BlackElo "2255"]
[EventDate "1992.??.??"]
[PlyCount "85"]

1.d4 Nf6 2.c4 c5 3.d5 g6 4.Nc3 Bg7 5.e4 d6 6.Nf3 O-O 7.h3 e6 8.Bd3 Na6 9.
O-O Nc7 10.Bg5 h6 11.Be3 exd5 12.exd5 b5 13.b3 Re8 14.Qd2 Kh7 15.Rad1 b4 
16.Ne2 Ne4 17.Qc2 f5 18.Bxe4 Rxe4 19.Ng3 Re8 20.Bf4 Qf6 21.h4 Bd7 22.Rfe1 
a5 23.Rxe8 Rxe8 24.Qd2 a4 25.Re1 axb3 26.axb3 Ra8 27.Nf1 Re8 28.Rxe8 Nxe8 
29.Qe3 Qf8 30.N1d2 Nf6 31.Qe2 Nh5 32.g3 Nf6 33.Ne1 Qe8 34.Kf1 Qxe2+ 35.
Kxe2 Ne8 36.Nd3 Bf6 37.Nf3 Be7 38.Bc1 Nf6 39.Nd2 g5 40.hxg5 hxg5 41.f4 Nh5
42.Nf1 Kg6 43.Be3 1/2-1/2

[Event "Budapest Statisztika IM"]
[Site "Budapest"]
[Date "1992.??.??"]
[Round "10"]
[White "Hansen, Lars Bo"]
[Black "Petran, Pal"]
[Result "0-1"]
[WhiteElo "2510"]
[BlackElo "2470"]
[EventDate "1992.??.??"]
[PlyCount "54"]

1.e4 e5 2.Nf3 Nc6 3.d4 exd4 4.Nxd4 Bc5 5.Nb3 Bb6 6.a4 a6 7.Nc3 Qf6 8.Qe2 
Nge7 9.Be3 Bxe3 10.Qxe3 O-O 11.Bd3 d6 12.O-O Bd7 13.f4 Qh6 14.Rae1 Rae8 
15.Qg3 f5 16.Bc4+ Kh8 17.e5 dxe5 18.fxe5 f4 19.Qf3 Ng6 20.e6 Nge5 21.Qd1 
Bxe6 22.Bxe6 Rxe6 23.Nc5 Rg6 24.Qd2 f3 25.Qxh6 Rxg2+ 26.Kh1 gxh6 27.Re2 
Rfg8 0-1

[Event "Budapest Statisztika IM"]
[Site "Budapest"]
[Date "1992.??.??"]
[Round "10"]
[White "Higatsberger, Michael"]
[Black "Fancsy, Imre"]
[Result "0-1"]
[WhiteElo "2205"]
[BlackElo "2310"]
[EventDate "1992.??.??"]
[PlyCount "60"]

1.e4 c5 2.Nc3 Nc6 3.f4 g6 4.Nf3 Bg7 5.Bc4 e6 6.f5 Nge7 7.fxe6 fxe6 8.d3 d5
9.exd5 exd5 10.Bb3 b5 11.a4 b4 12.Ne2 Na5 13.O-O O-O 14.Bg5 Nxb3 15.cxb3 
Bxb2 16.Ra2 Bf6 17.Rc2 Nf5 18.Bxf6 Rxf6 19.Qc1 Ba6 20.g4 Nh4 21.Nxh4 Rxf1+
22.Qxf1 Qxh4 23.Qf3 Qe1+ 24.Kg2 Rf8 25.Qxd5+ Rf7 26.Qd8+ Kg7 27.Ng3 Qd1 
28.Rxc5 Qxg4 29.Rc7 Bb7+ 30.Kg1 Qd1+ 0-1

[Event "Budapest Statisztika IM"]
[Site "Budapest"]
[Date "1992.??.??"]
[Round "10"]
[White "Izsak, Gyula"]
[Black "Hohler, Peter"]
[Result "1/2-1/2"]
[WhiteElo "2330"]
[BlackElo "2295"]
[EventDate "1992.??.??"]
[PlyCount "35"]

1.d4 d5 2.Nf3 Nf6 3.c4 dxc4 4.Nc3 c5 5.Qa4+ Bd7 6.Qxc4 cxd4 7.Nxd4 Nc6 8.
Nxc6 Bxc6 9.Qb3 e6 10.e3 a6 11.Qc2 Rc8 12.a3 Be7 13.Bd3 Nd5 14.Bd2 Nxc3 
15.Bxc3 Bf6 16.O-O Bxc3 17.Qxc3 O-O 18.Qb3 1/2-1/2

[Event "Budapest Statisztika IM"]
[Site "Budapest"]
[Date "1992.??.??"]
[Round "10"]
[White "Kiss, Pal"]
[Black "Berebora, Ferenc"]
[Result "0-1"]
[WhiteElo "2410"]
[BlackElo "2330"]
[EventDate "1992.??.??"]
[PlyCount "82"]

1.d4 Nf6 2.c4 e6 3.Nf3 b6 4.g3 Ba6 5.b3 Bb4+ 6.Bd2 Be7 7.Nc3 O-O 8.e4 Bb7 
9.Bd3 d5 10.cxd5 exd5 11.e5 Ne4 12.O-O f5 13.exf6 Bxf6 14.Rc1 c5 15.Qc2 
Nxd2 16.Qxd2 Kh8 17.Ne2 Nc6 18.Bb1 g6 19.Nf4 Qd7 20.dxc5 d4 21.cxb6 Ne5 
22.Nxe5 Bxe5 23.Nxg6+ hxg6 24.Qh6+ Qh7 25.Qxh7+ Kxh7 26.Rfe1 Rfe8 27.Be4 
Bxe4 28.Rxe4 axb6 29.Rce1 d3 30.Rd1 Rad8 31.Rd2 Rd5 32.Kf1 Red8 33.Rc4 Rc5
34.Rxc5 bxc5 35.f4 Bc3 36.Rd1 d2 37.Ke2 Ra8 38.Kd3 Bb4 39.a4 Re8 40.g4 Re1
41.Kc2 Re4 0-1

[Event "Budapest Statisztika IM"]
[Site "Budapest"]
[Date "1992.??.??"]
[Round "10"]
[White "Koerholz, Ludger"]
[Black "Almasi, Istvan"]
[Result "1/2-1/2"]
[WhiteElo "2255"]
[BlackElo "2350"]
[EventDate "1992.??.??"]
[PlyCount "67"]

1.d4 e6 2.c4 d5 3.Nc3 Nf6 4.Bg5 Be7 5.cxd5 exd5 6.e3 c6 7.Qc2 Nbd7 8.Bd3 
Nh5 9.Bxe7 Qxe7 10.Nge2 g6 11.O-O O-O 12.Rab1 a5 13.a3 f5 14.Rfe1 b5 15.
Rbc1 Nb6 16.Nb1 Bd7 17.Nd2 a4 18.Nf3 Rfb8 19.Nf4 Nf6 20.Bf1 Ne4 21.Nd3 Rb7
22.Nf4 Nc4 23.Nh3 Nxa3 24.Nhg5 Be6 25.Qxc6 Nc3 26.Nh4 Na2 27.g3 Rc8 28.Bd3
Rbc7 29.e4 Ra7 30.Re2 Rcc7 31.Rc3 Rd7 32.Qb6 Nb1 33.Rc7 Qf7 34.Rc3 1/2-1/2

[Event "Budapest Statisztika IM"]
[Site "Budapest"]
[Date "1992.??.??"]
[Round "10"]
[White "Szell, Lajos"]
[Black "Foldi, Istvan"]
[Result "1/2-1/2"]
[WhiteElo "2315"]
[BlackElo "2325"]
[EventDate "1992.??.??"]
[PlyCount "73"]

1.e4 e6 2.d4 d5 3.Nd2 dxe4 4.Nxe4 Bd7 5.Nf3 Bc6 6.Bd3 Nd7 7.O-O Be7 8.Qe2 
Ngf6 9.Bg5 Nxe4 10.Bxe7 Qxe7 11.Bxe4 Bxe4 12.Qxe4 c6 13.Rfd1 O-O 14.c3 
Rad8 15.Rd3 Nf6 16.Qh4 Rfe8 17.Ne5 Nd7 18.Qxe7 Rxe7 19.Rad1 f6 20.Nc4 Nf8 
21.Kf1 Kf7 22.g3 g5 23.h3 Ng6 24.Na5 Rc7 25.Nb3 b6 26.Nd2 h5 27.Ne4 Kg7 
28.c4 Ne7 29.Rf3 Rf8 30.Nc3 Ng6 31.Re3 Re8 32.d5 cxd5 33.cxd5 e5 34.d6 Rd7
35.Ne4 Nf8 36.Rf3 Rf7 37.Rc3 1/2-1/2

[Event "Budapest Statisztika IM"]
[Site "Budapest"]
[Date "1992.??.??"]
[Round "11"]
[White "Almasi, Istvan"]
[Black "Hansen, Lars Bo"]
[Result "1-0"]
[WhiteElo "2350"]
[BlackElo "2510"]
[EventDate "1992.??.??"]
[PlyCount "59"]

1.e4 d6 2.d4 Nf6 3.Nc3 g6 4.Be3 c6 5.f3 b5 6.Qd2 Qa5 7.Bd3 b4 8.Nd1 Ba6 9.
Nf2 Bxd3 10.Nxd3 Na6 11.Ne2 Bg7 12.O-O O-O 13.a3 Qb5 14.axb4 Rfb8 15.c3 
Nd7 16.Ra5 Qb7 17.f4 Nb6 18.b3 Nd7 19.f5 Nf6 20.Ng3 c5 21.bxc5 dxc5 22.
dxc5 Rd8 23.Bd4 Nc7 24.fxg6 hxg6 25.e5 Nd7 26.Qf2 Qxb3 27.c6 Nb8 28.Nb4 
Rf8 29.Ne4 Ne6 30.Nd2 1-0

[Event "Budapest Statisztika IM"]
[Site "Budapest"]
[Date "1992.??.??"]
[Round "11"]
[White "Foldi, Istvan"]
[Black "Koerholz, Ludger"]
[Result "1-0"]
[WhiteElo "2325"]
[BlackElo "2255"]
[EventDate "1992.??.??"]
[PlyCount "77"]

1.e4 c5 2.Nf3 Nc6 3.d4 cxd4 4.Nxd4 Nf6 5.Nc3 g6 6.Nxc6 bxc6 7.e5 Ng8 8.Bc4
Qa5 9.Qe2 Bg7 10.Bf4 d5 11.Bb3 e6 12.O-O-O Ne7 13.h4 h5 14.Bg5 Qc7 15.f4 
Nf5 16.Rh3 Bd7 17.Rhd3 Rb8 18.Ne4 Bc8 19.Nf6+ Kf8 20.g4 hxg4 21.Qxg4 c5 
22.h5 c4 23.Rc3 Qb6 24.Qf3 Nd4 25.Qe3 Nxb3+ 26.axb3 Qxe3+ 27.Rxe3 cxb3 28.
c4 Bxf6 29.Bxf6 Rxh5 30.cxd5 exd5 31.Rxd5 Bf5 32.Rxb3 Rh1+ 33.Kd2 Rh2+ 34.
Ke1 Re8 35.Ra3 Rxb2 36.Rxa7 Rc8 37.Rd8+ Rxd8 38.Bxd8 Rb4 39.Be7+ 1-0

[Event "Budapest Statisztika IM"]
[Site "Budapest"]
[Date "1992.??.??"]
[Round "11"]
[White "Hohler, Peter"]
[Black "Kiss, Pal"]
[Result "0-1"]
[WhiteElo "2295"]
[BlackElo "2410"]
[EventDate "1992.??.??"]
[PlyCount "92"]

1.c4 c6 2.Nf3 d5 3.d4 Nf6 4.Nc3 dxc4 5.a4 Bf5 6.e3 e6 7.Bxc4 Bb4 8.O-O 
Nbd7 9.Qe2 Bg6 10.e4 Bxc3 11.bxc3 Nxe4 12.Ba3 Qc7 13.Qe3 Nb6 14.Bb3 Nd5 
15.Bxd5 cxd5 16.Rfc1 Rd8 17.c4 dxc4 18.Ne5 Nd6 19.Qf4 c3 20.Bb4 c2 21.Ra2 
O-O 22.Nxg6 hxg6 23.Raxc2 Qb6 24.Bc5 Qa6 25.h3 Rd7 26.Rb2 Rfd8 27.Bxd6 
Rxd6 28.Rc7 R6d7 29.Rbc2 Qxa4 30.Rxd7 Qxd7 31.Rc7 Qe8 32.Rxb7 a5 33.Ra7 
Ra8 34.Qc7 a4 35.Qb7 Rxa7 36.Qxa7 Qc6 37.Qb8+ Kh7 38.Qa7 Qc1+ 39.Kh2 Qf4+ 
40.Kg1 Qc1+ 41.Kh2 a3 42.Qa4 f6 43.h4 Qb2 44.h5 a2 45.Qe8 Qb1 46.h6 a1=Q 
0-1

[Event "Budapest Statisztika IM"]
[Site "Budapest"]
[Date "1992.??.??"]
[Round "11"]
[White "Petran, Pal"]
[Black "Higatsberger, Michael"]
[Result "1-0"]
[WhiteElo "2470"]
[BlackElo "2205"]
[EventDate "1992.??.??"]
[PlyCount "79"]

1.d4 d6 2.c4 e5 3.Nf3 e4 4.Ng5 f5 5.Nc3 h6 6.Nh3 g5 7.f3 Nf6 8.Nf2 Qe7 9.
fxe4 fxe4 10.e3 c6 11.Be2 h5 12.O-O g4 13.Bd2 Bh6 14.Qc2 Bf5 15.Nh3 Bg6 
16.Nf4 Bf7 17.b4 Nbd7 18.c5 d5 19.b5 O-O 20.bxc6 bxc6 21.Qa4 Rac8 22.Ba6 
Rc7 23.Nce2 Nb8 24.Rab1 g3 25.Nxg3 Qd7 26.Be2 h4 27.Ngh5 Nxh5 28.Bxh5 Rb7 
29.Rxb7 Qxb7 30.Qb3 Qxb3 31.axb3 Bxf4 32.Bxf7+ Rxf7 33.Rxf4 Rxf4 34.exf4 
Na6 35.Ba5 Kf7 36.g4 hxg3 37.hxg3 Nb8 38.g4 Nd7 39.Kf2 Nf6 40.Kg3 1-0

[Event "Brasilia zt (Women)"]
[Site "Brasilia"]
[Date "1993.??.??"]
[Round "?"]
[White "Amura, Claudia Noemi"]
[Black "Chaves, Joara"]
[Result "1-0"]
[WhiteElo "2380"]
[BlackElo "2030"]
[EventDate "1993.??.??"]
[PlyCount "121"]

1.d4 d5 2.c4 e6 3.Nc3 Nf6 4.cxd5 exd5 5.Bg5 Be7 6.e3 Nbd7 7.Bd3 O-O 8.Nge2
Re8 9.O-O c6 10.Qc2 h6 11.Bf4 Nf8 12.h3 Bd6 13.a3 Bxf4 14.Nxf4 Ne6 15.Nxe6
Rxe6 16.b4 a6 17.a4 g5 18.b5 g4 19.Bf5 Rd6 20.Rfc1 Qe8 21.Rab1 axb5 22.
axb5 gxh3 23.gxh3 Kh8 24.Kg2 Nh5 25.Rb2 Rf6 26.Bg4 Bxg4 27.hxg4 Ng7 28.Qd1
Rg6 29.bxc6 bxc6 30.Qe2 Qe7 31.f3 Nf5 32.Re1 Rag8 33.Qf2 Nd6 34.e4 dxe4 
35.Nxe4 Nxe4 36.Rxe4 Qd6 37.Qg3 Qa3 38.Rbe2 Qd3 39.Qf4 Kg7 40.Qe5+ Kh7 41.
R4e3 Qd1 42.Re1 Qc2+ 43.R3e2 Qd3 44.Qf4 Kg7 45.Re3 Qc2+ 46.Kg3 Qc4 47.Re7 
Rf8 48.Rc1 Qb3 49.Re5 Ra8 50.Rec5 Rf6 51.Rf5 Rg6 52.Qe4 Ra2 53.Rxc6 Re6 
54.Rxf7+ Kxf7 55.Qh7+ Kf6 56.Qxh6+ Ke7 57.Qg7+ Kd8 58.Qf8+ Kd7 59.Qc8+ Ke7
60.Rc7+ Kf6 61.Qf8+ 1-0

[Event "Brasilia zt (Women)"]
[Site "Brasilia"]
[Date "1993.??.??"]
[Round "?"]
[White "Chaves, Joara"]
[Black "Ribeiro, Regina"]
[Result "0-1"]
[WhiteElo "2030"]
[BlackElo "2060"]
[EventDate "1993.??.??"]
[PlyCount "78"]

1.e4 c5 2.Nc3 e6 3.f4 Nc6 4.Nf3 a6 5.Be2 d5 6.d3 Nf6 7.O-O Be7 8.Qe1 O-O 
9.Qg3 b5 10.e5 Ne8 11.Bd2 f5 12.exf6 Nxf6 13.Ne5 Nd4 14.Bd1 Nd7 15.Nf3 Nf5
16.Qe1 Nf6 17.Ng5 Qd7 18.Ne2 h6 19.Nf3 Qe8 20.Ne5 Nd7 21.Nf3 Qg6 22.Kh1 
Bb7 23.Neg1 d4 24.Qf2 Rae8 25.Ne1 Bh4 26.Qe2 Bxe1 27.Bxe1 Ne3 28.Rf2 Rxf4 
29.Nf3 Ref8 30.Qd2 Ng4 31.Be2 Nxf2+ 32.Bxf2 Bxf3 33.Bxf3 Ne5 34.Bg3 Nxf3 
35.gxf3 Rxf3 36.Qg2 Rf1+ 37.Rxf1 Rxf1+ 38.Qxf1 Qg4 39.Kg2 h5 0-1

[Event "Brasilia zt (Women)"]
[Site "Brasilia"]
[Date "1993.??.??"]
[Round "?"]
[White "Chaves, Joara"]
[Black "Veloso, Palas Atena"]
[Result "1/2-1/2"]
[WhiteElo "2030"]
[BlackElo "2035"]
[EventDate "1993.??.??"]
[PlyCount "102"]

1.e4 b6 2.d4 Bb7 3.Bd3 Nf6 4.Qe2 e6 5.Nf3 Nc6 6.c3 d6 7.O-O e5 8.Nbd2 Be7 
9.Re1 O-O 10.Nf1 Re8 11.Ng3 Bc8 12.Be3 Bd7 13.Rad1 Qc8 14.Ba6 Qb8 15.Bc4 
h6 16.h3 Na5 17.Bd3 c5 18.dxe5 dxe5 19.Qd2 Bf8 20.Nh4 c4 21.Bc2 Qc7 22.
Nhf5 Rad8 23.Qe2 Qc6 24.Qf3 Nb7 25.Rd2 Bc8 26.Red1 Rxd2 27.Rxd2 Rd8 28.
Rxd8 Nxd8 29.Qd1 Qd7 30.Qf3 Qc6 31.Kf1 Nb7 32.Nh5 Bxf5 33.Nxf6+ Qxf6 34.
exf5 Nd6 35.Qc6 Nxf5 36.Qxf6 Nxe3+ 37.fxe3 gxf6 38.Be4 b5 39.Bc6 b4 40.Bd5
bxc3 41.bxc3 Ba3 42.Ke2 Kf8 43.Bxc4 f5 44.Bd3 e4 45.Ba6 Ke7 46.Bc8 Kf6 47.
g4 fxg4 48.hxg4 Ke5 49.c4 Bc5 50.Bd7 Bb4 51.Bc8 Bc5 1/2-1/2

[Event "Brasilia zt (Women)"]
[Site "Brasilia"]
[Date "1993.??.??"]
[Round "?"]
[White "Herrera, Laura"]
[Black "Amura, Claudia Noemi"]
[Result "1/2-1/2"]
[WhiteElo "2005"]
[BlackElo "2380"]
[EventDate "1993.??.??"]
[PlyCount "36"]

1.d4 Nf6 2.c4 e5 3.dxe5 Ng4 4.Bf4 Nc6 5.Nf3 Bb4+ 6.Nbd2 Qe7 7.e3 Ngxe5 8.
Nxe5 Nxe5 9.Be2 O-O 10.O-O Bxd2 11.Qxd2 d6 12.Rac1 b6 13.Rfd1 Bb7 14.b4 
Rad8 15.Qc3 Ng6 16.Bg3 Nh4 17.Bxh4 Qxh4 18.Bf1 Qg5 1/2-1/2

[Event "Brasilia zt (Women)"]
[Site "Brasilia"]
[Date "1993.??.??"]
[Round "?"]
[White "Leme, Jussara Chaves Garc"]
[Black "Amura, Claudia Noemi"]
[Result "0-1"]
[WhiteElo "2155"]
[BlackElo "2380"]
[EventDate "1993.??.??"]
[PlyCount "68"]

1.b3 Nf6 2.Bb2 d5 3.f4 e6 4.Nf3 b6 5.e3 Bb7 6.Bd3 Nbd7 7.Ne5 c5 8.O-O Qc7 
9.Na3 a6 10.c4 Bd6 11.Ng4 d4 12.Nc2 h5 13.Nf2 O-O-O 14.h4 dxe3 15.dxe3 e5 
16.Nh3 Qc6 17.Ne1 Ng4 18.Qe2 Rhe8 19.Bf5 exf4 20.Bxg4 Rxe3 21.Qxe3 fxe3 
22.Bf3 Qc7 23.Bxb7+ Kxb7 24.Rxf7 Rf8 25.Rxf8 Nxf8 26.Nf3 Bg3 27.Kf1 Ne6 
28.Rd1 Qc6 29.Ke2 Qe4 30.Rd3 Bf4 31.Bc1 Nd4+ 32.Nxd4 Qxg2+ 33.Kd1 Qf1+ 34.
Kc2 cxd4 0-1

[Event "Brasilia zt (Women)"]
[Site "Brasilia"]
[Date "1993.??.??"]
[Round "?"]
[White "Leme, Jussara Chaves Garc"]
[Black "Chaves, Joara"]
[Result "1/2-1/2"]
[WhiteElo "2155"]
[BlackElo "2030"]
[EventDate "1993.??.??"]
[PlyCount "28"]

1.e4 e5 2.Nf3 Nc6 3.Bb5 a6 4.Bxc6 dxc6 5.d4 exd4 6.Qxd4 Qxd4 7.Nxd4 Nf6 8.
O-O Be7 9.Nc3 c5 10.Nb3 Be6 11.Be3 Bxb3 12.axb3 O-O-O 13.Rfd1 Rxd1+ 14.
Rxd1 Rd8 1/2-1/2

[Event "Brasilia zt (Women)"]
[Site "Brasilia"]
[Date "1993.??.??"]
[Round "?"]
[White "Leme, Jussara Chaves Garc"]
[Black "Herrera, Laura"]
[Result "1-0"]
[WhiteElo "2155"]
[BlackElo "2005"]
[EventDate "1993.??.??"]
[PlyCount "79"]

1.b3 Nf6 2.Bb2 d5 3.e3 g6 4.f4 Bg7 5.Nf3 O-O 6.Be2 c5 7.O-O Nc6 8.Ne5 Bd7 
9.Qe1 d4 10.Bf3 Rc8 11.Na3 Ne8 12.Nxd7 Qxd7 13.e4 e6 14.Qh4 Nb4 15.d3 Nd6 
16.g4 b5 17.e5 Ne8 18.g5 Nc7 19.Be4 a6 20.Rf3 Qe7 21.Rh3 h5 22.gxh6 Qxh4 
23.Rxh4 Bh8 24.h7+ Kg7 25.Kh1 Ncd5 26.f5 exf5 27.Bxf5 Rc6 28.Rg1 Ne3 29.
Be4 Nbd5 30.b4 cxb4 31.Bxd4 Re6 32.Nb1 Rd8 33.Bxd5 Nxd5 34.Nd2 Ne7 35.Bb2 
Nf5 36.Rf4 Kxh7 37.Ne4 Ree8 38.Ng5+ Kg8 39.d4 Bg7 40.Ne4 1-0

[Event "Brasilia zt (Women)"]
[Site "Brasilia"]
[Date "1993.??.??"]
[Round "?"]
[White "Ribeiro, Regina"]
[Black "Herrera, Laura"]
[Result "0-1"]
[WhiteElo "2060"]
[BlackElo "2005"]
[EventDate "1993.??.??"]
[PlyCount "79"]

1.Nf3 Nf6 2.g3 b6 3.Bg2 Bb7 4.d4 e6 5.O-O Be7 6.c4 O-O 7.Nc3 Ne4 8.Qc2 
Nxc3 9.bxc3 f5 10.d5 g6 11.Bh6 Re8 12.Nd4 Bf6 13.Rad1 Qc8 14.e4 Bg7 15.
Bxg7 Kxg7 16.exf5 exf5 17.Rfe1 Na6 18.Qd2 Rxe1+ 19.Rxe1 Qf8 20.Qg5 Kh8 21.
Qe3 Qf6 22.Nb3 Rf8 23.Qh6 Qg7 24.Qe3 Qf6 25.Qh6 Qg7 26.Qe3 Qf6 27.f4 c5 
28.Qd2 Nc7 29.Re5 Ne8 30.Qe1 Nd6 31.Nd2 Ba6 32.Bf1 Rf7 33.Qe3 Kg7 34.Bd3 
Kf8 35.Qe2 Re7 36.Nf3 Nf7 37.Rxe7 Qxe7 38.Ne5 Nd6 39.Kg2 Nf7 40.Qe3 0-1

[Event "Brasilia zt (Women)"]
[Site "Brasilia"]
[Date "1993.??.??"]
[Round "?"]
[White "Ribeiro, Regina"]
[Black "Leme, Jussara Chaves Garc"]
[Result "1/2-1/2"]
[WhiteElo "2060"]
[BlackElo "2155"]
[EventDate "1993.??.??"]
[PlyCount "63"]

1.Nf3 f5 2.e4 fxe4 3.Ng5 Nf6 4.d3 e3 5.Bxe3 d5 6.d4 Bf5 7.Bd3 Qd7 8.h3 Nc6
9.Nf3 Nb4 10.Ne5 Nxd3+ 11.Nxd3 Bxd3 12.Qxd3 e6 13.Nd2 Bd6 14.O-O-O O-O 15.
g4 Rfc8 16.Kb1 a5 17.f4 b6 18.Qe2 c5 19.g5 Ne8 20.Nf3 c4 21.c3 b5 22.Bd2 
b4 23.Ne5 Qa4 24.Qg4 Nc7 25.g6 b3 26.gxh7+ Kxh7 27.Qg6+ Kg8 28.Qf7+ Kh8 
29.Qh5+ Kg8 30.Qf7+ Kh8 31.Qh5+ Kg8 32.Qf7+ 1/2-1/2

[Event "Brasilia zt (Women)"]
[Site "Brasilia"]
[Date "1993.??.??"]
[Round "?"]
[White "Veloso, Palas Atena"]
[Black "Amura, Claudia Noemi"]
[Result "0-1"]
[WhiteElo "2035"]
[BlackElo "2380"]
[EventDate "1993.??.??"]
[PlyCount "68"]

1.e4 c5 2.Nf3 Nc6 3.d4 cxd4 4.Nxd4 Nf6 5.Nc3 e5 6.Nf5 d5 7.exd5 Bxf5 8.
dxc6 bxc6 9.Qf3 Qc8 10.Ba6 Bg4 11.Qd3 Qc7 12.Be3 Be7 13.O-O O-O 14.Qc4 Be6
15.Qe2 Rab8 16.b3 Nd5 17.Na4 f5 18.Bc4 f4 19.Bd2 f3 20.gxf3 Kh8 21.Kh1 Rf6
22.Rg1 Rbf8 23.Rg3 R6f7 24.Bd3 Nf4 25.Bxf4 Rxf4 26.Be4 Bh4 27.c4 Bxg3 28.
fxg3 R4f7 29.Nc5 Bc8 30.Rd1 Rf6 31.Qd3 Qe7 32.b4 Bf5 33.Nd7 Bxe4 34.Qxe4 
Rd8 0-1

[Event "Brasilia zt (Women)"]
[Site "Brasilia"]
[Date "1993.??.??"]
[Round "?"]
[White "Veloso, Palas Atena"]
[Black "Herrera, Laura"]
[Result "0-1"]
[WhiteElo "2035"]
[BlackElo "2005"]
[EventDate "1993.??.??"]
[PlyCount "128"]

1.e4 c5 2.Nf3 e6 3.d4 cxd4 4.Nxd4 a6 5.Be2 Qc7 6.Be3 Nc6 7.c3 Nf6 8.Nd2 d5
9.Qc2 Nxd4 10.Bxd4 e5 11.Be3 d4 12.Bg5 dxc3 13.bxc3 Be6 14.O-O Rc8 15.Rac1
Be7 16.Qb2 O-O 17.h3 Rfd8 18.Be3 Qc6 19.c4 Nd7 20.Rfd1 f6 21.Rb1 Rc7 22.
Rdc1 Bc5 23.Bxc5 Nxc5 24.Qc2 Rcd7 25.Rd1 Bf7 26.Nb3 Qxe4 27.Qxe4 Nxe4 28.
Rxd7 Rxd7 29.Rc1 Kf8 30.Bg4 Rc7 31.Bf3 Nd6 32.c5 Nb5 33.Kh2 Ke7 34.Na5 Nd4
35.Bxb7 Bxa2 36.Be4 f5 37.Bd3 e4 38.Bf1 Ne6 39.Bxa6 Rxc5 40.Rxc5 Nxc5 41.
Be2 Nd3 42.Nc6+ Kd6 43.Nd4 Ke5 44.Nc6+ Kd5 45.Ne7+ Ke6 46.Nc6 Nxf2 47.Nb4 
Bb3 48.Kg3 Nd1 49.Kf4 Nc3 50.Ba6 Nd5+ 51.Nxd5 Bxd5 52.Bc8+ Kf6 53.h4 Be6 
54.Ba6 g6 55.Be2 h6 56.g3 g5+ 57.hxg5+ hxg5+ 58.Ke3 Ke5 59.Bd1 f4+ 60.
gxf4+ gxf4+ 61.Kf2 Kd4 62.Be2 Bd5 63.Ke1 f3 64.Ba6 Bc4 0-1

[Event "Brasilia zt (Women)"]
[Site "Brasilia"]
[Date "1993.??.??"]
[Round "?"]
[White "Veloso, Palas Atena"]
[Black "Leme, Jussara Chaves Garc"]
[Result "1-0"]
[WhiteElo "2035"]
[BlackElo "2155"]
[EventDate "1993.??.??"]
[PlyCount "77"]

1.e4 c5 2.Nf3 Nc6 3.d4 cxd4 4.Nxd4 Nf6 5.Nc3 d6 6.Be2 e5 7.Nf3 h6 8.h3 Be7
9.O-O O-O 10.Be3 Be6 11.Qd2 d5 12.exd5 Nxd5 13.Nxd5 Bxd5 14.Rfd1 Bxf3 15.
Bxf3 Qxd2 16.Rxd2 Bg5 17.Bxg5 hxg5 18.Rad1 Nd4 19.Be4 Rab8 20.c3 Ne6 21.
Rd5 g6 22.Rxe5 Rbd8 23.Red5 Rxd5 24.Rxd5 Rd8 25.Kf1 Rxd5 26.Bxd5 Nc5 27.b3
b6 28.Ke2 Kf8 29.Ke3 Ke7 30.Kd4 Nd7 31.b4 Nf6 32.a4 Ne8 33.c4 Nd6 34.g4 
Ne8 35.c5 Nc7 36.Bc4 f5 37.gxf5 gxf5 38.Ke5 f4 39.Kf5 1-0

[Event "Brasilia zt (Women)"]
[Site "Brasilia"]
[Date "1993.??.??"]
[Round "?"]
[White "Veloso, Palas Atena"]
[Black "Ribeiro, Regina"]
[Result "0-1"]
[WhiteElo "2035"]
[BlackElo "2060"]
[EventDate "1993.??.??"]
[PlyCount "90"]

1.e4 c5 2.Nf3 Nc6 3.d4 cxd4 4.Nxd4 Nf6 5.Nc3 e6 6.a3 Qc7 7.Be2 a6 8.O-O 
Nxd4 9.Qxd4 Bd6 10.h3 O-O 11.Bd2 Bc5 12.Qd3 b5 13.Bf3 Rb8 14.Rae1 d6 15.
Bf4 e5 16.Bg5 Be6 17.Bxf6 gxf6 18.Be2 Kh8 19.Qf3 Qe7 20.Nd5 Bxd5 21.exd5 
e4 22.Qf5 Qe5 23.Bg4 Rbe8 24.Kh1 Qxf5 25.Bxf5 Re5 26.g4 Rfe8 27.Rd1 Kg7 
28.Kg2 h5 29.Rfe1 h4 30.Re2 e3 31.f4 R5e7 32.Kf3 Kh6 33.Rd3 a5 34.Rb3 b4 
35.axb4 axb4 36.c3 bxc3 37.bxc3 Ra7 38.c4 Ra1 39.Kg2 Re7 40.Rb8 Kg7 41.Rb5
Rd1 42.Rb3 Ra7 43.Rbb2 Raa1 44.Kf3 Rf1+ 45.Ke4 Rae1 0-1

[Event "Dhaka zt playoff"]
[Site "Dhaka"]
[Date "1993.??.??"]
[Round "?"]
[White "Murshed, Niaz"]
[Black "Barua, Dibyendu"]
[Result "0-1"]
[WhiteElo "2520"]
[BlackElo "2530"]
[EventDate "1993.??.??"]
[PlyCount "90"]

1.d4 Nf6 2.c4 g6 3.Nc3 d5 4.Nf3 Bg7 5.Bg5 Ne4 6.cxd5 Nxg5 7.Nxg5 e6 8.Nf3 
exd5 9.e3 O-O 10.Bd3 c6 11.O-O Re8 12.b4 a5 13.b5 c5 14.Rc1 c4 15.Be2 Be6 
16.e4 dxe4 17.Nxe4 Bh6 18.Rc3 Nd7 19.d5 Bg4 20.Nd6 Qf6 21.Nxe8 Qxc3 22.Nc7
Rd8 23.d6 Qb4 24.h3 Bf5 25.Nd4 Bd3 26.b6 Be4 27.Bf3 Bd3 28.Be2 Nxb6 29.
Ncb5 Bg7 30.Bxd3 cxd3 31.Qxd3 Bxd4 32.Nxd4 Rxd6 33.Rd1 Na4 34.Qe3 Rd8 35.
Rd2 Nb6 36.Nf3 Rxd2 37.Nxd2 Qb2 38.Qe8+ Kg7 39.Ne4 Nc4 40.a4 Qa1+ 41.Kh2 
Qe5+ 42.Qxe5+ Nxe5 43.Nd6 b6 44.f4 Nd7 45.Kg3 Nc5 0-1

[Event "Jakarta zt (Women)"]
[Site "Jakarta"]
[Date "1993.??.??"]
[Round "1"]
[White "Dekic, Biljana N"]
[Black "Sulistya, Maria Lucia Ratna"]
[Result "0-1"]
[WhiteElo "2155"]
[BlackElo "2195"]
[EventDate "1993.??.??"]
[PlyCount "82"]

1.e4 e5 2.Nf3 Nc6 3.d4 exd4 4.Bc4 Nf6 5.e5 d5 6.Bb5 Ne4 7.Nxd4 Bd7 8.Bxc6 
bxc6 9.O-O Bc5 10.c3 O-O 11.b4 Bb6 12.a4 Qh4 13.Be3 a5 14.f3 Ng5 15.Qd2 
Ne6 16.f4 Nxd4 17.Bxd4 f6 18.Bxb6 cxb6 19.e6 Bxe6 20.Qe3 Bf5 21.Qxb6 Bd3 
22.Rf2 axb4 23.cxb4 Ra6 24.Qc5 Bxb1 25.Rxb1 Qh5 26.f5 Qe8 27.b5 Rxa4 28.
bxc6 Qe4 29.Qb5 Rc4 30.Rd1 Rc8 31.Rff1 Qe3+ 32.Kh1 Rc5 33.Qb6 Qc3 34.Rfe1 
R5xc6 35.Qb7 d4 36.h3 Qg3 37.Re7 h5 38.Qd7 Rc1 39.Ree1 R1c2 40.Re8+ Kh7 
41.Rg1 Rxg2 0-1

[Event "Jakarta zt (Women)"]
[Site "Jakarta"]
[Date "1993.??.??"]
[Round "1"]
[White "Lumongdong, Lisa Karlina"]
[Black "Mariano, Christine Rose"]
[Result "1-0"]
[WhiteElo "2085"]
[BlackElo "2005"]
[EventDate "1993.??.??"]
[PlyCount "113"]

1.e4 e6 2.d4 b6 3.Nf3 Bb7 4.Bd3 c5 5.Qe2 Nf6 6.d5 Qc7 7.c4 e5 8.Nc3 a6 9.
Nh4 d6 10.f4 Nbd7 11.O-O Qd8 12.Nf3 g6 13.fxe5 dxe5 14.Bc2 Bg7 15.Ba4 O-O 
16.Bg5 Qe8 17.Nh4 Nh5 18.Qg4 Bc8 19.Nf5 gxf5 20.Qxh5 f6 21.Qxe8 Rxe8 22.
Bh4 f4 23.a3 Rd8 24.Rab1 a5 25.Bc6 Rb8 26.Nb5 Nf8 27.b4 Ng6 28.Bf2 Bf8 29.
bxa5 bxa5 30.Nc3 Ba6 31.Bb5 Bc8 32.Rfe1 f5 33.Rbd1 Bd6 34.exf5 Bxf5 35.Ne4
Bxe4 36.Rxe4 Kf7 37.Be1 Rg8 38.a4 Ra8 39.Kf1 Kf6 40.Bc3 Kf5 41.Rde1 Rg7 
42.Bc6 Raa7 43.g3 Rge7 44.Kf2 h5 45.Kf3 fxg3 46.hxg3 Nf8 47.Rh4 e4+ 48.Kg2
e3 49.Rf1+ Kg5 50.Rxf8 e2 51.Be1 Rg7 52.Rh8 Rh7 53.Rxh7 Rxh7 54.Re4 Kf5 
55.Rxe2 Rg7 56.Kf3 Rg4 57.Bd7+ 1-0